000 00327nam a2200133Ia 4500
003 OSt
008 191201s2014 xx 000 0 und d
100 _aMUTHUKUMARAN,B
245 0 _aIntroduction to High Performance Network
260 _aN. Delhi
_bVijay Nicole
_c2014
300 _a426
650 _aB.Tech(CSE)
942 _2ddc
_cBK
999 _c6309
_d6309